=LDR 00000nam 2200000 4500 =001 INLIS000000000028236 =005 20130612130545 =008 ***********************************Ind** =035 ##$$0010-061300000028236 =041 ##$$a Ind =082 ##$$a 370.759 8 =090 ##$$a 370.759 8, Sol l =100 ##$$a Sumanto, Wasty =245 ##$$a Landasan historis pendidikan indonesia, Drs. Wasty Soemanto =260 ##$$a 1980 $b Suraya =300 ##$$a 286 hlm, 21 cm =650 ##$$a Pendidikan =850 ##$$a NBPNMAT